| 000 | 00389nam a2200145Ia 4500 | ||
|---|---|---|---|
| 008 | 220204s9999 xx 000 0 und d | ||
| 082 |
_a543.544 _bLED;1 |
||
| 100 | _aLederer, Edgar | ||
| 245 | 0 | _aChromatography: A review of principles and applications | |
| 250 | _aEd.2 | ||
| 260 |
_aAmsterdam _bElsevier _c1957 |
||
| 650 | _aChromatography | ||
| 700 | _aLederer, Michael | ||
| 942 | _cBK | ||
| 999 |
_c20595 _d20595 |
||